000 00685cam a2200241 4500500
005 20260329001234.0
041 _afre
042 _adc
100 1 0 _aMoreau, Anne-Sophie
_eauthor
245 0 0 _aAvoir de l’autorité... sans être un “petit chef”
260 _c2023.
500 _a66
690 _aAutorité
690 _aCommunication
690 _aCompétences
690 _aEntreprise
690 _aLeadership
690 _aManagement
690 _aRessources humaines
690 _aSoft skills
786 0 _nPhilonomist | - | 1 | 2023-01-06 | p. 1-3
856 4 1 _uhttps://shs.cairn.info/magazine-philonomist-2023-1-page-1?lang=fr&redirect-ssocas=7080
999 _c1803388
_d1803388